[Event "Top Jeunes"]
[Site "Montpellier"]
[Date "2010.12.19"]
[Round "6.1"]
[White "Fuhrmann, Valentin"]
[Black "Aflalo, Sophie"]
[Result "0-1"]
[WhiteElo "1868"]
[BlackElo "2031"]
[PlyCount "102"]

1. d4 Nf6 2. c4 g6 3. Nc3 Bg7 4. e4 d6 5. Nf3 O-O 6. Be2 e5 7. O-O Nc6 8. d5
Ne7 9. Ne1 Nd7 10. Be3 f5 11. f3 f4 12. Bf2 g5 13. a4 h5 14. Nb5 Nf6 15. Nxa7
Bd7 16. c5 Rf7 17. cxd6 cxd6 18. a5 Nc8 19. Nxc8 Bxc8 20. Bb6 Qe7 21. Rc1 Ne8
22. Bb5 g4 23. Rf2 g3 24. Rfc2 gxh2+ 25. Kh1 Bd7 26. Qe2 h4 27. Bxd7 Qxd7 28.
Kxh2 Bf6 29. Nd3 Rh7 30. Nf2 h3 31. gxh3 Bh4 32. Ng4 Bg3+ 33. Kg2 Qe7 34. Rh1
Qh4 35. Bf2 Nf6 36. Rcc1 Rf8 37. Nxf6+ Qxf6 38. Bxg3 Rg7 39. Rhg1 Qh4 40. Qf2
fxg3 41. Qe3 Rgf7 42. Rcf1 Rh7 43. Rh1 Rf4 44. Qb6 Qf6 45. b4 Rf7 46. Qe3 Qe7
47. b5 Qc7 48. Qd2 Qc4 49. b6 Qb3 50. h4 Kh7 51. Rh3 Rxf3 0-1

[Event "Top Jeunes"]
[Site "Montpellier"]
[Date "2010.12.19"]
[Round "6.2"]
[White "Ralaivao, Maxence"]
[Black "Bandet, Raphael"]
[Result "0-1"]
[WhiteElo "1868"]
[BlackElo "1764"]
[PlyCount "90"]

1. d4 d5 2. c4 e6 3. Nf3 Nf6 4. Nc3 Nbd7 5. Bg5 c6 6. e3 Qa5 7. Qc2 Ne4 8. Be2
Bb4 9. Rc1 Qxa2 10. O-O Bxc3 11. bxc3 Qxc2 12. Rxc2 Nxg5 13. Nxg5 O-O 14. cxd5
exd5 15. c4 Nf6 16. cxd5 Nxd5 17. Rb2 b6 18. Rc1 Bd7 19. Nf3 f6 20. Bc4 Kh8 21.
e4 Ne7 22. Re2 Bg4 23. h3 Bxf3 24. gxf3 Ng6 25. Re3 Rfd8 26. d5 b5 27. Bb3 cxd5
28. exd5 Nf4 29. Rc5 a6 30. Re7 Rac8 31. Rxc8 Rxc8 32. d6 Ng6 33. Ra7 Ne5 34.
Rc7 Rd8 35. Be6 Nxf3+ 36. Kh1 Nd4 37. Ba2 g6 38. d7 Kg7 39. Bd5 a5 40. Ra7 a4
41. Be4 Kf7 42. Bd3 Ke7 43. Ra5 Rb8 44. Ra7 Kd8 45. Kg2 Nc6 0-1

[Event "Top Jeunes"]
[Site "Montpellier"]
[Date "2010.12.19"]
[Round "6.3"]
[White "Gelas, Christophe"]
[Black "Stark, Gabriel"]
[Result "1-0"]
[WhiteElo "2007"]
[BlackElo "1778"]
[PlyCount "97"]

1. d4 Nf6 2. c4 g6 3. f3 Bg7 4. e4 d6 5. Nc3 O-O 6. Bg5 Nbd7 7. Nh3 e5 8. d5
Qe8 9. Nb5 Qd8 10. Qd2 a6 11. Nc3 Rb8 12. b4 b6 13. Bd3 Qe8 14. Rc1 h5 15. O-O
Nh7 16. Bh6 f6 17. Bxg7 Kxg7 18. Qc2 g5 19. Nf2 Rh8 20. Ncd1 Nhf8 21. Ne3 Ng6
22. Nf5+ Kf8 23. Be2 Ne7 24. Ne3 Qg6 25. Nd3 c5 26. dxc6 Nxc6 27. Nf5 g4 28. f4
Bb7 29. c5 b5 30. cxd6 Ke8 31. fxe5 fxe5 32. Qb2 Nd4 33. Nxd4 Qxe4 34. Nf3 gxf3
35. Bxf3 Qxd3 36. Bxb7 Qxd6 37. Bc6 Qd4+ 38. Qxd4 exd4 39. Rcd1 Rb6 40. Bxd7+
Kxd7 41. Rxd4+ Ke6 42. Re1+ Kf5 43. Rd5+ Kf4 44. Kf2 Rf6 45. g3+ Kg4+ 46. Kg2
Rf5 47. Ree5 Rxe5 48. Rxe5 Rh6 49. h3# 1-0

[Event "Top Jeunes"]
[Site "Montpellier"]
[Date "2010.12.19"]
[Round "6.4"]
[White "Letheux, Mathias"]
[Black "Dombre, Antoine"]
[Result "0-1"]
[WhiteElo "1374"]
[BlackElo "1625"]
[PlyCount "72"]

1. d4 d5 2. c4 e6 3. Nc3 Nf6 4. Bg5 Nbd7 5. Nf3 c6 6. e3 Qa5 7. a3 Ne4 8. Qc2
Nxg5 9. Nxg5 Nf6 10. Bd3 dxc4 11. Bxc4 Qxg5 12. O-O Bd6 13. e4 Bxh2+ 14. Kxh2
Qh4+ 15. Kg1 Ng4 16. Rfe1 Qh2+ 17. Kf1 Qh1+ 18. Ke2 Qxg2 19. Rf1 Nh2 20. Rg1
Qf3+ 21. Ke1 Qf6 22. e5 Nf3+ 23. Kf1 Qh6 24. Kg2 Nxg1 25. Rxg1 Qg6+ 26. Qxg6
hxg6 27. Ne4 Ke7 28. Nd6 b5 29. Ba2 Bd7 30. Rc1 Rh4 31. Rd1 Rah8 32. Rd2 Rf4
33. f3 Rhh4 34. Ne4 f5 35. Nc5 Rxd4 36. Rxd4 Rxd4 0-1

[Event "Top Jeunes"]
[Site "Montpellier"]
[Date "2010.12.19"]
[Round "6.5"]
[White "Bianchi, Tobias"]
[Black "Stark, Antoine"]
[Result "1-0"]
[WhiteElo "1610"]
[BlackElo "1675"]
[PlyCount "65"]

1. d4 Nf6 2. c4 g6 3. Nc3 Bg7 4. e4 d6 5. Nge2 O-O 6. Ng3 e5 7. d5 Ne8 8. h4 f5
9. Bg5 Nf6 10. h5 h6 11. Bxf6 Qxf6 12. hxg6 f4 13. Nh5 Qxg6 14. Nxg7 Kxg7 15.
Qh5 Qxh5 16. Rxh5 c6 17. Be2 Kg6 18. Rh4 cxd5 19. Nxd5 Nc6 20. O-O-O Nd4 21.
Bg4 Kg5 22. Rh5+ Kg6 23. Ne7+ Kg7 24. Nxc8 Raxc8 25. Bxc8 Rxc8 26. b3 b5 27.
Rxd4 exd4 28. Rxb5 Rc7 29. Rd5 Rc6 30. Rxd4 Kf6 31. Rd5 a6 32. Kd2 Rc5 33.
Rxd6+ 1-0

[Event "Top Jeunes"]
[Site "Montpellier"]
[Date "2010.12.19"]
[Round "6.6"]
[White "Le Cour, Hugo"]
[Black "Lavault, Jeremie"]
[Result "0-1"]
[WhiteElo "1372"]
[BlackElo "1460"]
[PlyCount "62"]

1. d4 Nf6 2. c4 e6 3. Nc3 Bb4 4. Bd2 c5 5. d5 d6 6. Nf3 O-O 7. Bg5 b6 8. e4
exd5 9. cxd5 Re8 10. Bd3 Bg4 11. O-O Nbd7 12. a3 Bxc3 13. bxc3 a6 14. c4 Ne5
15. Be2 Bxf3 16. Bxf3 Nxc4 17. Qc2 Ne5 18. Qd1 Nxf3+ 19. Qxf3 Qe7 20. Rfe1 Qe5
21. Bxf6 Qxf6 22. Qd3 Re5 23. Re3 Rxd5 24. exd5 Qxa1+ 25. Qf1 Qxf1+ 26. Kxf1 h6
27. Rb3 b5 28. Ke2 Re8+ 29. Kd3 c4+ 30. Kc3 cxb3 31. Kxb3 Re4 0-1

[Event "Top Jeunes"]
[Site "Montpellier"]
[Date "2010.12.19"]
[Round "6.7"]
[White "Lavault, Samuel"]
[Black "Coulet, Arthur"]
[Result "1-0"]
[WhiteElo "1520"]
[BlackElo "1325"]
[PlyCount "79"]

1. e4 e6 2. d4 d5 3. Nc3 Nf6 4. e5 Nfd7 5. Nf3 c5 6. Bf4 cxd4 7. Nxd4 Nc6 8. g3
Nxd4 9. Qxd4 Bc5 10. Qd2 O-O 11. Bg2 Bb4 12. a3 Ba5 13. O-O Bc7 14. Rfe1 f6 15.
Bh3 Nxe5 16. Bxe5 fxe5 17. Re2 Bd7 18. Rd1 Kh8 19. Bg2 Ba5 20. Rxe5 Qf6 21.
Rde1 d4 22. Qxd4 Bc7 23. R5e4 Bc6 24. Qxf6 Rxf6 25. Rxe6 Bxg2 26. Re8+ Rf8 27.
Rxa8 Rxa8 28. Kxg2 Rc8 29. Nb5 Bb6 30. c4 a6 31. Nd6 Rf8 32. f4 Bd4 33. b4 b6
34. Nf5 Bf6 35. c5 Bd8 36. cxb6 Bxb6 37. a4 Bd8 38. b5 axb5 39. axb5 Bc7 40.
Nd4 1-0

[Event "Top Jeunes"]
[Site "Montpellier"]
[Date "2010.12.19"]
[Round "6.8"]
[White "Lary, Damien"]
[Black "Coulet, Axel"]
[Result "1-0"]
[WhiteElo "1410"]
[BlackElo "1190"]
[PlyCount "50"]

1. e4 e6 2. d4 d5 3. exd5 exd5 4. c4 c6 5. Nc3 Nf6 6. cxd5 cxd5 7. Nf3 Nc6 8.
Bg5 Be7 9. a3 O-O 10. Bd3 Bg4 11. h3 Bxf3 12. Qxf3 Re8 13. O-O-O Na5 14. Bc2
Qb6 15. Bxf6 Bxf6 16. Nxd5 Qc6 17. Nxf6+ gxf6 18. Qf5 Nb3+ 19. Kb1 Rac8 20.
Qxh7+ Kf8 21. Qh8+ Ke7 22. Rhe1+ Kd8 23. Rxe8+ Qxe8 24. Qxf6+ Kc7 25. Bxb3 Kb8
1-0

[Event "Top Jeunes"]
[Site "Montpellier"]
[Date "2010.12.19"]
[Round "6.9"]
[White "Coulet, Axel"]
[Black "Lavault, Samuel"]
[Result "0-1"]
[WhiteElo "1190"]
[BlackElo "1520"]
[PlyCount "74"]

1. d4 Nf6 2. Nc3 e6 3. e4 b6 4. Bg5 Bb7 5. Qd2 Be7 6. O-O-O Nxe4 7. Bxe7 Qxe7
8. Nxe4 Bxe4 9. Nf3 Bb7 10. Bc4 d5 11. Be2 Nd7 12. Rhe1 O-O 13. Bb5 c5 14. dxc5
Nxc5 15. b4 Qf6 16. Nd4 Ne4 17. Qe3 Rac8 18. f3 Nc3 19. Kb2 Nxd1+ 20. Rxd1 Qg6
21. Bd3 Qf6 22. g4 e5 23. Bf5 exd4 24. Rxd4 Rc4 25. g5 Qxd4+ 26. Qxd4 Rxd4 27.
c3 Rd2+ 28. Kb3 Rxh2 29. a4 Ba6 30. b5 Bc8 31. Bd3 Be6 32. Kb4 Rc8 33. f4 d4
34. c4 Rd2 35. Be4 Rxc4+ 36. Ka3 Rc3+ 37. Kb4 Rb3# 0-1

[Event "Top Jeunes"]
[Site "Montpellier"]
[Date "2010.12.19"]
[Round "6.10"]
[White "Coulet, Arthur"]
[Black "Lary, Damien"]
[Result "1-0"]
[WhiteElo "1325"]
[BlackElo "1410"]
[PlyCount "61"]

1. d4 Nf6 2. c4 d5 3. cxd5 Nxd5 4. e4 Nf6 5. Nc3 e6 6. Nf3 Bb4 7. Bg5 h6 8. Bh4
g5 9. Bg3 Nxe4 10. Qc2 Nxg3 11. fxg3 Nc6 12. Bb5 Bd7 13. O-O a6 14. Bxc6 Bxc6
15. Kh1 Bxc3 16. bxc3 Qd7 17. Ne5 Qd5 18. Rxf7 Qe4 19. Qxe4 Bxe4 20. Rxc7 Rf8
21. Re1 Bf5 22. Rxb7 Rc8 23. g4 Bc2 24. h3 Rxc3 25. Rb8+ Ke7 26. Ng6+ Bxg6 27.
Rb7+ Ke8 28. Rxe6+ Kd8 29. Rxg6 Rf1+ 30. Kh2 Rf4 31. Rg8+ 1-0

[Event "Top Jeunes"]
[Site "Montpellier"]
[Date "2010.12.19"]
[Round "6.1"]
[White "Cabanes, Kim"]
[Black "Loiseau, Quentin"]
[Result "0-1"]
[WhiteElo "1990"]
[BlackElo "2219"]
[PlyCount "90"]

1. d4 d5 2. Bf4 Nf6 3. e3 c5 4. c3 Nc6 5. Nd2 Bf5 6. Ngf3 Qb6 7. Qb3 c4 8. Qxb6
axb6 9. a3 h6 10. h3 e6 11. Be2 Be7 12. O-O O-O 13. Bd1 Ra5 14. Rc1 Rb5 15. Bc2
Rxb2 16. Bxf5 exf5 17. Nb1 Ra8 18. Ne5 Bxa3 19. Nxa3 Rxa3 20. f3 Nh5 21. Nxc6
Nxf4 22. Ne7+ Kf8 23. exf4 Kxe7 24. Rfe1+ Kf6 25. Re5 Raa2 26. g4 Re2 27. Kh1
Rh2+ 28. Kg1 fxg4 29. Rb1 Rag2+ 30. Kf1 Rf2+ 31. Kg1 Rfg2+ 32. Kf1 Rh1+ 33.
Kxg2 Rxb1 34. hxg4 Rb3 35. g5+ hxg5 36. fxg5+ Kg6 37. Rxd5 Rxc3 38. f4 Rd3 39.
Rd7 b5 40. Rxb7 Rxd4 41. Kf3 Rd5 42. Ke4 Rc5 43. Rb6+ f6 44. Kd4 c3 45. gxf6
gxf6 0-1

[Event "Top Jeunes"]
[Site "Montpellier"]
[Date "2010.12.19"]
[Round "6.2"]
[White "Rouffignac, Tanguy"]
[Black "Allamel, Benjamin"]
[Result "1-0"]
[WhiteElo "1922"]
[BlackElo "1531"]
[PlyCount "101"]

1. e4 d6 2. d4 Nf6 3. Nc3 g6 4. f4 Bg7 5. Nf3 c5 6. dxc5 Qa5 7. Bb5+ Bd7 8.
Bxd7+ Nbxd7 9. O-O Qxc5+ 10. Kh1 Ng4 11. Qd3 Rc8 12. h3 Ngf6 13. Be3 Qa5 14.
Kh2 O-O 15. Nd2 Nc5 16. Qe2 e6 17. Nb3 Qd8 18. Nxc5 dxc5 19. Rad1 Qe7 20. e5
Nd7 21. Qb5 Nb6 22. Ne4 Nd5 23. Bxc5 Rxc5 24. Qxc5 Qxc5 25. Nxc5 Ne3 26. c3
Nxf1+ 27. Rxf1 b6 28. Ne4 Rd8 29. Rf2 Bf8 30. Rd2 Rxd2 31. Nxd2 Bc5 32. Ne4 Be3
33. Kg3 Bc1 34. b3 h5 35. c4 Be3 36. Kf3 Bd4 37. Nf6+ Kf8 38. Ke4 Bg1 39. Nd7+
Ke7 40. Nb8 Ke8 41. Nc6 a6 42. Nb4 a5 43. Nd3 Ke7 44. a3 Kd7 45. b4 axb4 46.
axb4 Kc6 47. Kf3 Kd7 48. Nf2 Kc7 49. g3 Bxf2 50. Kxf2 Kd7 51. Ke3 1-0

[Event "Top Jeunes"]
[Site "Montpellier"]
[Date "2010.12.19"]
[Round "6.3"]
[White "Agussol, Lucas"]
[Black "Pruvot, Louis"]
[Result "0-1"]
[WhiteElo "1586"]
[BlackElo "1898"]
[PlyCount "78"]

1. Nf3 d5 2. d4 Nf6 3. Bg5 c5 4. c3 Nc6 5. e3 Qb6 6. Qb3 c4 7. Qxb6 axb6 8. Bf4
b5 9. Ne5 Nxe5 10. Bxe5 Bf5 11. Na3 b4 12. Nb5 bxc3 13. Nxc3 e6 14. a3 Be7 15.
Nb1 Bb4+ 16. Nc3 Ne4 17. Rc1 Bxc3+ 18. bxc3 f6 19. f3 fxe5 20. fxe4 Bxe4 21.
Be2 exd4 22. exd4 Rxa3 23. O-O Rf8 24. Bf3 Bxf3 25. gxf3 Kd7 26. Rf2 Rfa8 27.
Rcc2 Rb3 28. f4 Raa3 29. Rf3 b5 30. f5 exf5 31. Rxf5 Kd6 32. Rf7 Rxc3 33. Rcf2
Rd3 34. Rxg7 Rxd4 35. Rf6+ Ke5 36. Rxh7 c3 37. Rf1 Rb4 38. Rb7 c2 39. Rc7 Rc4
0-1

[Event "Top Jeunes"]
[Site "Montpellier"]
[Date "2010.12.19"]
[Round "6.4"]
[White "Mohammad, Fahim"]
[Black "Arnaud-Audiffren, Alexandre"]
[Result "1-0"]
[WhiteElo "1866"]
[BlackElo "1519"]
[PlyCount "47"]

1. d4 Nf6 2. Nf3 e6 3. c4 d5 4. e3 b6 5. Nc3 Bb4 6. Bd3 O-O 7. O-O Bb7 8. a3
Bd6 9. Re1 c5 10. Nb5 Nc6 11. Nxd6 Qxd6 12. b3 Rad8 13. Bb2 cxd4 14. exd4 dxc4
15. bxc4 Nxd4 16. Nxd4 e5 17. Nf5 Qxd3 18. Qxd3 Rxd3 19. Bxe5 Nh5 20. Rad1 Rxa3
21. Bd6 Ra8 22. Bxa3 Nf4 23. f3 h6 24. Rd7 1-0

[Event "Top Jeunes"]
[Site "Montpellier"]
[Date "2010.12.19"]
[Round "6.5"]
[White "Sambuc, David"]
[Black "Chevalier, Ezio"]
[Result "0-1"]
[WhiteElo "1310"]
[BlackElo "1640"]
[PlyCount "80"]

1. d4 d5 2. e3 Nf6 3. Bd3 c5 4. c3 Nc6 5. f4 Qc7 6. Nf3 Bg4 7. h3 Bxf3 8. Qxf3
e6 9. O-O h6 10. Nd2 Be7 11. b3 Rg8 12. Bb2 cxd4 13. cxd4 g5 14. f5 Qa5 15. Nb1
Nb8 16. Nc3 Nbd7 17. fxe6 fxe6 18. Bh7 Rf8 19. Bg6+ Kd8 20. Na4 Rc8 21. Rac1 b5
22. Bc3 Qa6 23. Bd3 Qb7 24. Ba5+ Nb6 25. Rxc8+ Kxc8 26. Nxb6+ axb6 27. Rc1+ Kd7
28. Bxb5+ Kd8 29. Be1 Ba3 30. Rc2 Bd6 31. Rc6 Ke7 32. Bg3 Ne4 33. Bxd6+ Nxd6
34. Qg4 Qd7 35. a4 Rc8 36. Rxb6 Rc1+ 37. Kh2 Qc7 38. Ra6 Nxb5+ 39. g3 Qc2+ 40.
Qe2 Qxe2# 0-1

[Event "Top Jeunes"]
[Site "Montpellier"]
[Date "2010.12.19"]
[Round "6.6"]
[White "Amghar, Ismael"]
[Black "Willems, Niels"]
[Result "1-0"]
[WhiteElo "1600"]
[BlackElo "1670"]
[PlyCount "133"]

1. e4 c6 2. d4 d5 3. Nc3 dxe4 4. Nxe4 Bf5 5. Nc3 Nf6 6. Nf3 e6 7. Bf4 Bb4 8.
Bd3 Bg6 9. O-O Nbd7 10. Re1 Nd5 11. Nxd5 cxd5 12. c3 Ba5 13. Ne5 Bc7 14. Re3
Nxe5 15. Bxe5 Bxe5 16. Rxe5 Qd6 17. Qa4+ Ke7 18. Bxg6 hxg6 19. Rae1 a6 20. Qb3
Rab8 21. Rxd5 Qxh2+ 22. Kf1 Qh1+ 23. Ke2 Qxg2 24. Kd1 Qf3+ 25. Kc1 Rh1 26. Rde5
Qf4+ 27. Kc2 Qxf2+ 28. Kd1 Rxe1+ 29. Rxe1 Qf3+ 30. Kd2 Rh8 31. d5 Rh2+ 32. Kc1
Qf4+ 33. Kb1 Rh1 34. d6+ Kf6 35. Rd1 Qe4+ 36. Kc1 Qc6 37. d7 Qxd7 38. Rxh1 Qc6
39. Rf1+ Ke7 40. Qd1 f5 41. Rg1 Kf7 42. Qd3 Qc7 43. Qe3 Qe7 44. Qf2 g5 45. Qh2
Kg6 46. Rh1 f4 47. Qh7+ Kf6 48. Rg1 Qc5 49. Qh2 Qe3+ 50. Kb1 Qe4+ 51. Ka1 e5
52. Qh5 Qg6 53. Qh2 Qh6 54. Qf2 Kf5 55. Re1 g4 56. Qg2 Qc6 57. Qc2+ e4 58. Qe2
e3 59. Qd3+ Kg5 60. Qd8+ Kg6 61. Qd3+ Kh6 62. Qd4 Qf6 63. Rh1+ Kg5 64. Qd5+ Qf5
65. Rh5+ Kxh5 66. Qxf5+ g5 67. Qh7# 1-0

[Event "Top Jeunes"]
[Site "Montpellier"]
[Date "2010.12.19"]
[Round "6.7"]
[White "Barbe Asensio, Cyrielle"]
[Black "Le, Quan Anh"]
[Result "1/2-1/2"]
[WhiteElo "1390"]
[BlackElo "1420"]
[PlyCount "102"]

1. b3 e5 2. Bb2 Nc6 3. e3 Nf6 4. Bb5 d6 5. d3 Bd7 6. Nf3 a6 7. Bxc6 Bxc6 8. O-O
g6 9. Nbd2 Bg7 10. c4 O-O 11. e4 b6 12. Re1 Bb7 13. d4 exd4 14. Bxd4 c5 15. Bb2
h6 16. e5 Nd7 17. Qc2 dxe5 18. Nxe5 Nxe5 19. Bxe5 Bxe5 20. Rxe5 Qf6 21. Rae1
Qc6 22. f3 Rfe8 23. Rxe8+ Rxe8 24. Rxe8+ Qxe8 25. Ne4 Qe5 26. Qc3 Qd4+ 27. Qxd4
cxd4 28. Kf2 Bxe4 29. fxe4 Kg7 30. Ke2 Kf6 31. Kd3 Ke5 32. a4 a5 33. g3 f5 34.
exf5 gxf5 35. h3 h5 36. h4 f4 37. gxf4+ Kxf4 38. Kxd4 Kg4 39. c5 bxc5+ 40. Kxc5
Kxh4 41. b4 axb4 42. Kxb4 Kg3 43. a5 h4 44. a6 h3 45. a7 h2 46. a8=Q Kf2 47.
Qa7+ Kg2 48. Qa2+ Kg1 49. Qb1+ Kg2 50. Kc3 h1=Q 51. Qxh1+ Kxh1 1/2-1/2

[Event "Top Jeunes"]
[Site "Montpellier"]
[Date "2010.12.19"]
[Round "6.8"]
[White "Di Frenna, Oscar"]
[Black "Legros, Aymeric"]
[Result "0-1"]
[WhiteElo "1009"]
[BlackElo "1370"]
[PlyCount "25"]

1. e4 e5 2. Nf3 Nc6 3. Nc3 Nf6 4. Bc4 Bc5 5. O-O O-O 6. d3 d6 7. Be3 Be6 8.
Bxe6 fxe6 9. Bxc5 dxc5 10. Ng5 h6 11. Nxe6 Qe7 12. Nxf8 Rxf8 13. g3 0-1

[Event "Top Jeunes"]
[Site "Montpellier"]
[Date "2010.12.19"]
[Round "6.9"]
[White "Legros, Aymeric"]
[Black "Barbe Asensio, Cyrielle"]
[Result "0-1"]
[WhiteElo "1370"]
[BlackElo "1390"]
[PlyCount "118"]

1. e4 b6 2. d4 Bb7 3. Nc3 e6 4. f3 Bb4 5. Bd2 d6 6. Bd3 Nd7 7. f4 Ne7 8. Nge2
O-O 9. Ng3 e5 10. fxe5 dxe5 11. Nce2 Bxd2+ 12. Qxd2 exd4 13. Nxd4 Nf6 14. O-O
Qxd4+ 15. Kh1 Nxe4 16. Nxe4 Bxe4 17. Rf4 f5 18. c3 Qxd3 19. Qxd3 Bxd3 20. Rd1
Be4 21. Rd7 Rad8 22. Rxd8 Rxd8 23. h3 Ng6 24. Rf1 Rd2 25. Rg1 Nh4 26. Kh2 Nxg2
27. Kg3 f4+ 28. Kg4 Ne3+ 29. Kxf4 Rg2 30. Re1 Bg6 31. Kxe3 Rxb2 32. Re2 Rxe2+
33. Kxe2 Kf7 34. Ke3 Ke6 35. Kd4 Bf5 36. h4 h6 37. a3 g5 38. h5 g4 39. Ke3 g3
40. Kf3 g2 41. Kxg2 Bg4 42. Kg3 Bxh5 43. Kf4 Be8 44. Ke4 h5 45. Kf4 Kd5 46. Kf3
Kc4 47. Kf4 Kxc3 48. Kg3 c5 49. Kf3 c4 50. Kf4 Kb3 51. Kf3 c3 52. Kg3 c2 53.
Kf3 c1=Q 54. Kg3 Qc4 55. Kf2 Qd3 56. Kg2 Qf5 57. Kg3 Kc3 58. Kg2 Bc6+ 59. Kh2
Qg6 0-1

[Event "Top Jeunes"]
[Site "Montpellier"]
[Date "2010.12.19"]
[Round "6.10"]
[White "Le, Quan Anh"]
[Black "Di Frenna, Oscar"]
[Result "1-0"]
[WhiteElo "1420"]
[BlackElo "1009"]
[PlyCount "93"]

1. e4 e5 2. Nf3 Nc6 3. Bb5 Bb4 4. a3 a6 5. Bxc6 dxc6 6. axb4 Bg4 7. Nc3 Bxf3 8.
Qxf3 Ne7 9. d3 O-O 10. O-O b6 11. Qg3 c5 12. Bh6 Ng6 13. Be3 cxb4 14. Nd5 Qd6
15. f4 exf4 16. Nxf4 Rad8 17. Nxg6 hxg6 18. Qxd6 cxd6 19. Rxa6 b5 20. Bd2 f6
21. Bxb4 Rd7 22. Rxd6 Rxd6 23. Bxd6 Rd8 24. Ba3 f5 25. exf5 gxf5 26. Rxf5 g6
27. Rxb5 Re8 28. Bb4 Rd8 29. Rg5 Kh7 30. h4 Rb8 31. Bc3 Ra8 32. h5 gxh5 33.
Rxh5+ Kg6 34. Ra5 Re8 35. Ra6+ Kh7 36. b4 Rg8 37. b5 Rb8 38. b6 Kg8 39. Bd4 Re8
40. b7 Rb8 41. Ra8 Rf8 42. Rxf8+ Kxf8 43. b8=Q+ Kf7 44. Qd6 Kg8 45. Qc7 Kf8 46.
Bf6 Ke8 47. Qe7# 1-0

[Event "Top Jeunes"]
[Site "Montpellier"]
[Date "2010.12.19"]
[Round "6.1"]
[White "Tobitt-Jupillat, Eric"]
[Black "Malka, Samuel"]
[Result "0-1"]
[WhiteElo "1605"]
[BlackElo "1966"]
[PlyCount "64"]

1. e4 c5 2. Nf3 d6 3. d4 cxd4 4. Nxd4 Nf6 5. Nc3 g6 6. Be3 Bg7 7. f3 Nc6 8. Bc4
O-O 9. Qd2 Bd7 10. O-O Rc8 11. Bb3 a6 12. Rad1 b5 13. Nde2 Ne5 14. Nf4 Nc4 15.
Bxc4 Rxc4 16. b3 Rc6 17. Ncd5 Nxd5 18. Nxd5 Be6 19. Rf2 Bxd5 20. Qxd5 Qc7 21.
Qd3 Rc8 22. Rc1 Rc3 23. Qd2 Qa5 24. Qe1 Qxa2 25. Qd2 Qa5 26. h3 Qc7 27. b4 Qc4
28. Qe1 Qxb4 29. Kh1 Qc4 30. Qd2 b4 31. Rff1 a5 32. Rfe1 Rxc2 0-1

[Event "Top Jeunes"]
[Site "Montpellier"]
[Date "2010.12.19"]
[Round "6.2"]
[White "Bombail, Leonard"]
[Black "Baudry, Remi"]
[Result "1-0"]
[WhiteElo "1763"]
[BlackElo "1619"]
[PlyCount "69"]

1. b3 d6 2. Bb2 Nd7 3. e3 e5 4. d4 g6 5. dxe5 dxe5 6. Bc4 Ngf6 7. Nf3 Bd6 8.
Nbd2 O-O 9. e4 c6 10. O-O b5 11. Be2 Ne8 12. a4 Qb6 13. axb5 cxb5 14. Re1 Ng7
15. Bf1 Ba6 16. Nb1 Rfd8 17. Nc3 Nf6 18. Qe2 Rab8 19. h3 Ngh5 20. Nd5 Nxd5 21.
exd5 Ng3 22. Qd2 f6 23. Rxa6 Nxf1 24. Rxb6 Nxd2 25. Rxb8 Nxf3+ 26. gxf3 Bxb8
27. c4 a5 28. f4 Re8 29. c5 Kf7 30. fxe5 Bxe5 31. Bxe5 fxe5 32. c6 Kf6 33. d6
Ke6 34. d7 Rd8 35. c7 1-0

[Event "Top Jeunes"]
[Site "Montpellier"]
[Date "2010.12.19"]
[Round "6.3"]
[White "Bourgery, William"]
[Black "Caslani, Nicolas"]
[Result "0-1"]
[WhiteElo "1575"]
[BlackElo "1698"]
[PlyCount "122"]

1. e4 e5 2. Nf3 Nc6 3. d4 exd4 4. Bc4 Nf6 5. O-O d6 6. Nxd4 Ne5 7. Bd3 Be7 8.
f4 Nxd3 9. cxd3 O-O 10. Nc3 c6 11. Be3 Ng4 12. Qf3 Nxe3 13. Qxe3 Qb6 14. Nf5
Bxf5 15. Qxb6 axb6 16. exf5 Bf6 17. Rab1 Ra5 18. g4 Bd4+ 19. Kg2 Bxc3 20. bxc3
Rxa2+ 21. Kg3 b5 22. Rfe1 Ra3 23. Rbc1 b4 24. Re3 Rxc3 25. Rxc3 bxc3 26. d4 Rc8
27. Rxc3 b5 28. d5 c5 29. Kf3 c4 30. Ke3 f6 31. Kd4 g6 32. fxg6 hxg6 33. h4 Kf7
34. Rc1 Ra8 35. Rb1 Ra5 36. Rb2 Kg7 37. Rb1 Kh6 38. Re1 Ra3 39. Re6 Rf3 40.
Rxf6 c3 41. Rxd6 b4 42. Ke4 b3 43. g5+ Kg7 44. Kxf3 b2 45. Rb6 c2 46. Rxb2 c1=Q
47. Rb7+ Kf8 48. Ke4 Qc2+ 49. Ke3 Qf5 50. Rb8+ Ke7 51. Rb7+ Kd8 52. Rb6 Qc2 53.
Rc6 Qb3+ 54. Kd4 Qb2+ 55. Ke4 Kd7 56. Rc4 Qe2+ 57. Kd4 Qg4 58. Rc6 Qxf4+ 59.
Kc5 Qf2+ 60. Kb5 Qd4 61. Rxg6 Qd3+ 0-1

[Event "Top Jeunes"]
[Site "Montpellier"]
[Date "2010.12.19"]
[Round "6.4"]
[White "Gerstenkorn, Jim-David"]
[Black "Robic, Damien"]
[Result "1-0"]
[WhiteElo "1460"]
[BlackElo "1476"]
[PlyCount "65"]

1. d4 d5 2. c4 e6 3. Nc3 Be7 4. Nf3 Nf6 5. Bg5 h6 6. Bh4 O-O 7. e3 Ne4 8. Bxe7
Qxe7 9. Nxe4 dxe4 10. Nd2 f5 11. Qc2 Nc6 12. a3 Bd7 13. Be2 Qg5 14. O-O Ne7 15.
Nb3 b6 16. c5 Nd5 17. Nd2 Bc6 18. cxb6 Bb7 19. bxa7 Rxa7 20. Nc4 Raa8 21. Ne5
Rad8 22. Bc4 Rc8 23. Nd7 Rfd8 24. Nc5 Ba8 25. Nxe6 Qe7 26. Nxd8 Rxd8 27. Rac1
c6 28. Bb3 Kh8 29. Ba4 Rc8 30. Qc5 Qe6 31. Bb3 Qd7 32. Bxd5 cxd5 33. Qxc8+ 1-0

[Event "Top Jeunes"]
[Site "Montpellier"]
[Date "2010.12.19"]
[Round "6.5"]
[White "Baudry, Emilien"]
[Black "Guedon, Sosthene"]
[Result "1-0"]
[WhiteElo "1559"]
[BlackElo "1599"]
[PlyCount "85"]

1. d4 Nf6 2. Bg5 g6 3. Nf3 Bg7 4. Nbd2 c5 5. e3 O-O 6. Bc4 d6 7. O-O Bd7 8. a3
b5 9. Ba2 a5 10. Nb3 Qc7 11. Bf4 c4 12. Nc1 Ne4 13. c3 Na6 14. Qc2 Qb7 15. Ne2
Bf5 16. Qd1 Rfc8 17. Rc1 Nc7 18. Ng3 Nxg3 19. Bxg3 Bd3 20. Re1 d5 21. Ne5 Bxe5
22. Bxe5 Qc6 23. Bb1 Bxb1 24. Rxb1 Rcb8 25. Qf3 Ra7 26. h4 b4 27. h5 Rab7 28.
hxg6 Qxg6 29. axb4 axb4 30. cxb4 Qc6 31. Rec1 f6 32. Bf4 Rd8 33. b3 c3 34. Ra1
Rd7 35. Ra5 e6 36. Rc5 Qb6 37. R1xc3 Ra7 38. Qg3+ Rg7 39. Qh3 Rb7 40. Bxc7
Rbxc7 41. Rxc7 Rxc7 42. Rxc7 Qxc7 43. Qxe6+ 1-0

[Event "Top Jeunes"]
[Site "Montpellier"]
[Date "2010.12.19"]
[Round "6.6"]
[White "Muller, Martial"]
[Black "Ferrari, Louis"]
[Result "0-1"]
[WhiteElo "1250"]
[BlackElo "1608"]
[PlyCount "72"]

1. e4 c6 2. d4 d5 3. exd5 cxd5 4. Nc3 Bf5 5. Nf3 Nf6 6. Bf4 e6 7. Bb5+ Nbd7 8.
O-O Bb4 9. a3 Bxc3 10. bxc3 Rc8 11. Bd2 O-O 12. Rb1 Ne4 13. Bxd7 Qxd7 14. Ne5
Qe7 15. Rb3 Rc7 16. f3 Nxd2 17. Qxd2 Rfc8 18. Nd3 b6 19. Rfb1 Rc4 20. Nb4 h6
21. Na2 Qf6 22. Re1 Qe7 23. Qc1 f6 24. Kf2 Rxd4 25. g4 Bh7 26. cxd4 Rxc2+ 27.
Qxc2 Bxc2 28. Rc3 Bg6 29. Rec1 Kh7 30. Nb4 Qd6 31. Kg2 a5 32. Rc6 Qf4 33. Na6
Qd2+ 34. Kg3 h5 35. Nb8 h4+ 36. Kxh4 Qxh2# 0-1

[Event "Top Jeunes"]
[Site "Montpellier"]
[Date "2010.12.19"]
[Round "6.7"]
[White "Hebert, Floriane"]
[Black "Malandre, Lucie"]
[Result "1-0"]
[WhiteElo "1419"]
[BlackElo "1009"]
[PlyCount "39"]

1. e4 e5 2. Nf3 Nc6 3. Bc4 Bb4 4. Nc3 Qf6 5. d3 Nge7 6. Bg5 Qg6 7. Bxe7 Nxe7 8.
O-O O-O 9. Nxe5 Qg5 10. Nf3 Qf4 11. Ne2 Qd6 12. Ng3 a6 13. c3 Bc5 14. d4 Bb6
15. Ne5 Qh6 16. Qf3 Kh8 17. Nxf7+ Kg8 18. Nxh6+ Kh8 19. Qxf8+ Ng8 20. Qxg8# 1-0

[Event "Top Jeunes"]
[Site "Montpellier"]
[Date "2010.12.19"]
[Round "6.8"]
[White "Marcenac, Delphine"]
[Black "Gillard, Martin"]
[Result "0-1"]
[WhiteElo "1290"]
[BlackElo "1009"]
[PlyCount "122"]

1. e4 e5 2. Nf3 Nc6 3. Bc4 Nf6 4. Ng5 Qe7 5. Nc3 d6 6. Nxf7 Rg8 7. Nxd6+ Qxd6
8. Bxg8 Nxg8 9. Qh5+ g6 10. Qxh7 Nh6 11. d3 Ng4 12. h3 Nf6 13. Qxg6+ Kd8 14.
O-O Ne7 15. Qg3 Nh5 16. Qf3 Nf4 17. Bxf4 exf4 18. d4 Qh6 19. a4 Bd7 20. b3 Bg7
21. Ne2 Nc6 22. c3 Ne7 23. Qxf4 Qh8 24. Rad1 Ng6 25. Qg5+ Ne7 26. Nf4 c6 27. d5
Ke8 28. Qh5+ Qxh5 29. Nxh5 Bxc3 30. dxc6 Bxc6 31. Rc1 Be5 32. Rfe1 Ng8 33. Rc5
Bh8 34. Rg5 Ne7 35. e5 Rd8 36. b4 b5 37. axb5 Bxb5 38. e6 Bc4 39. Re4 Bd5 40.
Re3 Nc8 41. Rg8+ Ke7 42. Rxd8 Kxd8 43. Rd3 Nb6 44. Nf4 Ke7 45. Nxd5+ Nxd5 46.
Rxd5 Kxe6 47. Ra5 Kd6 48. Rxa7 Kc6 49. Ra8 Bc3 50. f4 Kb5 51. f5 Kxb4 52. Rf8
Kc5 53. f6 Kd6 54. Re8 Bxf6 55. g4 Bh4 56. Kg2 Kd7 57. Rg8 Ke7 58. g5 Kf7 59.
Rh8 Bxg5 60. h4 Bf6 61. Kg3 Kg7 0-1